000 00826nam a22001935i 4500
001 166534
003 ES-MaACL
005 20250730063146.0
008 990203s1795 sp |||| | spa d
040 _aBA
_bspa
_cBA
100 1 _aTorres Villarroel, Diego de,
_d1693-1770
_9111026
245 1 0 _aJuguetes de Talia, entretenimientos del numen
_b: poesías cómicas que á diferentes asuntos /
_cescribió ... Diego de Torres Villarroel ... ; tomo \RIX\R.
260 _aMadrid :
_ben la Imprenta de la Viuda de Ibarra,
_c1795.
300 _a392 p. ;
_c8°.
596 _aMarca tip. en port.
597 _aSign. : A-Z8, 2A8, 2B3.
852 _aES-MaACL
_jR-2207-21
_z-- Enc. pasta española
_x-- Edic.: según Palau es el T. IX de la segunda ed. de las "Obras". Olim: C-31414-28.
999 _c166534
_d166534